000 00730nam a22002177a 4500
999 _c18514
_d18514
003 AR-CdUCM
008 190514b ||||| |||| 00| 0 spa d
040 _aMUNICIPALIDAD PROVINCIAL DEL CUSCO
_cBIBLIOTECA MUNICIPAL DEL CUSCO
082 _a138 /
_bS61
100 _aSmiles, Samuel
_935155
245 _aEl caracter /
260 _aBarcelona :
_bRamon Sopena,
300 _a288 paginas ;
_c20 cm.
505 _aContenido : El carácter -- Influencia de la familia -- La sociedad y el ejemplo -- El trabajo...
650 _aCarácter practico
_939141
650 _aEl carácter
_939142
650 _aEducacion
_9460
700 _aNúñez de Prado, G. (Traducción)
_936610
942 _2ddc
_cLIBROS
945 _awnts
_d2019-05-14